| 000 | 00931nam a2200277 a 4500 | ||
|---|---|---|---|
| 001 | 400 | ||
| 003 | BR-CuiBMT | ||
| 005 | 20231129140406.0 | ||
| 008 | 230914s2012 mgb 000 0 por d | ||
| 020 | _a9788577006311 | ||
| 040 |
_aBR-CuiBMT _cBR-CuiBMT |
||
| 080 |
_a342.9 _22007 |
||
| 090 |
_a342.9 _bR696d |
||
| 100 | 1 | _aRodríguez-Arana, Jaime | |
| 245 | 1 | 0 |
_aDireito fundamental à boa administração pública / _cJaime Rodrígues-Aranha Muñoz ; Daniel Wunder Hachem tradução. |
| 260 |
_aBelo Horizonte : _bFórum, _c2012. |
||
| 300 |
_a199 p. ; _c22 cm |
||
| 490 | 1 |
_aColeção Fórum eurolatinoamericana de direito público ; _vv. 1 |
|
| 504 | _aInclui bibliografia. | ||
| 650 | _aDireito administrativo | ||
| 650 | _aCiência política | ||
| 650 |
_aAdministração pública _xControle |
||
| 650 | _aTeoria do estado | ||
| 830 | 0 |
_aColeção Fórum eurolatinoamericana de direito público ; _v1 |
|
| 942 |
_2udc _cLV |
||
| 999 |
_c400 _d400 |
||